[Event "ROM-ch U10"]
[Site "Calimanesti Caciulata"]
[Date "2016.04.25"]
[Round "9"]
[White "Iurcu, Marius"]
[Black "Cadariu, Andrei"]
[Result "1/2-1/2"]
[WhiteElo "1150"]
[BlackElo "1058"]
[PlyCount "74"]
[EventDate "2016.04.18"]
[EventType "swiss"]
[EventRounds "9"]
[EventCountry "ROU"]
[SourceTitle "EXT 2017"]
[Source "ChessBase"]
[SourceDate "2016.10.25"]
[SourceVersion "1"]
[SourceVersionDate "2016.10.25"]
[SourceQuality "1"]

1. d4 d5 2. c4 c6 3. Nf3 dxc4 4. a4 Bg4 5. e3 Bxf3 6. Qxf3 e6 7. Bxc4 Be7 8. Nc3 Bb4 9. Bd2 Ne7 10. 0-0 0-0 11. h3 Ng6 12. Kh1 h6 13. Rg1 Nd7 14. Bd3 Ne7 15. g4 e5 16. Qe4 Ng6 17. d5 Bxc3 18. Bxc3 Nc5 19. Qc4 Qxd5+ 20. Qxd5 cxd5 21. Bxg6 fxg6 22. Bb4 b6 23. Kg2 Rf7 24. Rgd1 Rd8 25. a5 Ne4 26. f3 Ng5 27. Rf1 h5 28. h4 Ne6 29. g5 Nc5 30. axb6 axb6 31. Rfd1 e4 32. f4 Nd3 33. Bc3 Rb7 34. Ra6 Kh7 35. Kf1 b5 36. Ke2 b4 37. Bd4 Rc8 1/2-1/2